[Event "Canadian op 48th"]
[Site "Toronto"]
[Date "2011.07.11"]
[Round "3"]
[White "Hebert, Jean"]
[Black "Campbell, Brett"]
[Result "1-0"]
[WhiteElo "2486"]
[BlackElo "2246"]
[PlyCount "115"]
[EventDate "2011.07.09"]
[EventType "swiss"]
[EventRounds "9"]
[EventCountry "CAN"]
[SourceTitle "EXT 2022"]
[Source "ChessBase"]
[SourceDate "2021.10.06"]
[SourceVersion "1"]
[SourceVersionDate "2021.10.06"]
[SourceQuality "1"]

1. e4 e5 2. Nf3 Nc6 3. Bc4 Be7 4. Nc3 Nf6 5. d4 d6 6. h3 0-0 7. Be3 Nxe4 8. Nxe4 d5 9. Nxe5 Nxe5 10. dxe5 dxe4 11. Qe2 c6 12. 0-0 Bf5 13. Rfd1 Qc7 14. e6 Bxe6 15. Bxe6 fxe6 16. Qg4 Bf6 17. Qxe6+ Qf7 18. Qxf7+ Rxf7 19. c3 b6 20. Rd6 Rc8 21. Rad1 Re7 22. Kf1 Kf7 23. Ke2 Be5 24. Rd8 Rcc7 25. Bg5 Bf6 26. Bf4 Rb7 27. R8d6 c5 28. Ke3 b5 29. Rc6 c4 30. Rd5 h6 31. Rdc5 g5 32. Bd6 Re6 33. Rc7+ Rxc7 34. Rxc7+ Kg6 35. Bc5 a6 36. Bd4 Be7 37. g4 h5 38. Ke2 hxg4 39. hxg4 Bf6 40. Ra7 Bxd4 41. cxd4 Rc6 42. a3 b4 43. axb4 Rb6 44. Ke3 Rxb4 45. Rxa6+ Kf7 46. Rc6 Ke7 47. Kxe4 Rxb2 48. f3 Re2+ 49. Kf5 Re3 50. Rxc4 Rxf3+ 51. Kxg5 Kd6 52. Kg6 Rf8 53. g5 Kd5 54. Rc7 Kxd4 55. Rf7 Rg8+ 56. Kf6 Ra8 57. g6 Ra6+ 58. Kg5 1-0

[Event "Canadian op 48th"]
[Site "Toronto"]
[Date "2011.07.10"]
[Round "2"]
[White "Campbell, Brett"]
[Black "Luo, Zhao Yang"]
[Result "1-0"]
[WhiteElo "2246"]
[BlackElo "1894"]
[PlyCount "67"]
[EventDate "2011.07.09"]
[EventType "swiss"]
[EventRounds "9"]
[EventCountry "CAN"]
[SourceTitle "EXT 2022"]
[Source "ChessBase"]
[SourceDate "2021.10.06"]
[SourceVersion "1"]
[SourceVersionDate "2021.10.06"]
[SourceQuality "1"]

1. Nf3 Nf6 2. g3 g6 3. Bg2 Bg7 4. 0-0 0-0 5. c4 d6 6. d4 c6 7. Nc3 Nbd7 8. e4 a6 9. h3 Qc7 10. a4 e5 11. a5 Re8 12. Re1 b6 13. axb6 Nxb6 14. dxe5 dxe5 15. c5 Nbd7 16. Na4 Bf8 17. Qc2 Rb8 18. Be3 a5 19. Bf1 Nh5 20. Bc4 Ndf6 21. Ng5 Re7 22. Kg2 h6 23. Nf3 g5 24. Nb6 Bxh3+ 25. Kxh3 g4+ 26. Kg2 gxf3+ 27. Kxf3 Nd7 28. Rxa5 Ree8 29. b4 Qd8 30. Ra7 Qf6+ 31. Kg2 Nxb6 32. Bxf7+ Kh8 33. cxb6 Bxb4 34. Rh1 1-0

[Event "Canadian op 48th"]
[Site "Toronto"]
[Date "2011.07.09"]
[Round "1"]
[White "Cao, Jason"]
[Black "Campbell, Brett"]
[Result "1/2-1/2"]
[WhiteElo "1908"]
[BlackElo "2246"]
[PlyCount "79"]
[EventDate "2011.07.09"]
[EventType "swiss"]
[EventRounds "9"]
[EventCountry "CAN"]
[SourceTitle "EXT 2022"]
[Source "ChessBase"]
[SourceDate "2021.10.06"]
[SourceVersion "1"]
[SourceVersionDate "2021.10.06"]
[SourceQuality "1"]

1. e4 g6 2. d4 Bg7 3. Nf3 d6 4. Be2 Nf6 5. Nc3 0-0 6. 0-0 e5 7. dxe5 dxe5 8. Qxd8 Rxd8 9. Bg5 Re8 10. Rad1 Nc6 11. h3 a6 12. Rd2 Be6 13. Rfd1 h6 14. Be3 Bf8 15. a3 b5 16. b4 Nxb4 17. axb4 Bxb4 18. Rd3 Bc4 19. Bf1 Bxd3 20. Rxd3 Rad8 21. Na2 Bd6 22. Nd2 Kg7 23. f3 Nd7 24. c4 Nc5 25. Rc3 b4 26. Nxb4 Nxe4 27. Nxe4 Bxb4 28. Rb3 a5 29. Nc5 f5 30. Na6 c6 31. Nxb4 Rb8 32. Bc5 axb4 33. Rxb4 Rxb4 34. Bxb4 Kf6 35. Kf2 g5 36. Ke3 Rb8 37. Bd2 h5 38. Bd3 h4 39. Bc2 Ra8 40. Bd3 1/2-1/2

[Event "Canadian op"]
[Site "Edmonton"]
[Date "2005.07.17"]
[Round "10"]
[White "Schulz, Waldemar"]
[Black "Campbell, Brett"]
[Result "1/2-1/2"]
[WhiteElo "2056"]
[BlackElo "2250"]
[PlyCount "137"]
[EventDate "2005.07.09"]
[EventType "swiss"]
[EventRounds "10"]
[EventCountry "CAN"]
[SourceTitle "CBM 107 Extra"]
[Source "ChessBase"]
[SourceDate "2005.09.01"]
[SourceVersion "1"]
[SourceVersionDate "2005.09.01"]
[SourceQuality "1"]

1. Nf3 g6 2. d4 Bg7 3. c4 d6 4. Nc3 Nd7 5. e4 e5 6. d5 Ngf6 7. Be2 Nc5 8. Qc2 a5 9. 0-0 0-0 10. Ne1 Ne8 11. Be3 f5 12. f3 f4 13. Bf2 h5 14. Nd3 Nxd3 15. Qxd3 g5 16. Qd1 b6 17. Kh1 Bd7 18. a3 Rf7 19. b4 axb4 20. axb4 Rxa1 21. Qxa1 g4 22. Qe1 Bf8 23. Bh4 Be7 24. Bxe7 Qxe7 25. Qf2 Rg7 26. g3 gxf3 27. Bxf3 fxg3 28. hxg3 Qg5 29. Bg2 Qxg3 30. Qxg3 Rxg3 31. Rf3 Rxf3 32. Bxf3 Nf6 33. Kg2 Kg7 34. Kg3 Kh6 35. Kh4 Be8 36. Nb5 Bxb5 37. cxb5 Kg6 38. Bg2 Ng4 39. Bf3 Nf2 40. Bxh5+ Kf6 41. Bf3 Nd3 42. Bd1 Nxb4 43. Bb3 Nd3 44. Kg4 Nf2+ 45. Kf3 Nh3 46. Kg4 Ng5 47. Bc2 Kg6 48. Bb1 Nh7 49. Bc2 Nf6+ 50. Kh4 Nh5 51. Bb3 Nf4 52. Kg4 Ne2 53. Bc4 Nc3 54. Bf1 Kf6 55. Bd3 Na4 56. Bc2 Nb2 57. Kh4 Nc4 58. Kh5 Ne3 59. Bd3 Nd1 60. Bc2 Ne3 61. Bd3 Ng2 62. Kg4 Kg6 63. Bb1 Nf4 64. Kh4 Ne2 65. Kg4 Nd4 66. Bd3 Kf6 67. Bc4 Nc2 68. Bd3 Ne3+ 69. Kh5 1/2-1/2

[Event "Canadian op"]
[Site "Edmonton"]
[Date "2005.07.13"]
[Round "6"]
[White "Hughey, Micah"]
[Black "Campbell, Brett"]
[Result "1/2-1/2"]
[WhiteElo "2027"]
[BlackElo "2250"]
[PlyCount "52"]
[EventDate "2005.07.09"]
[EventType "swiss"]
[EventRounds "10"]
[EventCountry "CAN"]
[SourceTitle "CBM 107 Extra"]
[Source "ChessBase"]
[SourceDate "2005.09.01"]
[SourceVersion "1"]
[SourceVersionDate "2005.09.01"]
[SourceQuality "1"]

1. e4 g6 2. d4 Bg7 3. Nc3 d6 4. Bc4 Nf6 5. Qe2 Nc6 6. e5 Nxd4 7. exf6 Nxe2 8. fxg7 Rg8 9. Ngxe2 Rxg7 10. Bh6 Rg8 11. 0-0-0 Bf5 12. Rhe1 Qd7 13. Nd4 0-0-0 14. Bxf7 e5 15. Bxg8 exd4 16. Nd5 Rxg8 17. Ne7+ Kd8 18. Nxg8 Qa4 19. Bg5+ Kd7 20. Nf6+ Kc6 21. Re2 Qxa2 22. Rxd4 Qa1+ 23. Kd2 Qxb2 24. Rc4+ Kb5 25. Rxc7 Qd4+ 26. Ke1 Qa1+ 1/2-1/2

[Event "Toronto-ch"]
[Site "Toronto"]
[Date "2001.01.31"]
[Round "8"]
[White "Perovic, Bozidar"]
[Black "Campbell, Brett"]
[Result "1/2-1/2"]
[WhiteElo "2033"]
[BlackElo "2240"]
[PlyCount "100"]
[EventDate "2001.??.??"]
[EventType "tourn"]
[EventRounds "11"]
[EventCountry "CAN"]
[SourceTitle "EXT 2003"]
[Source "ChessBase"]
[SourceDate "2002.11.25"]
[SourceVersion "1"]
[SourceVersionDate "2002.11.25"]
[SourceQuality "1"]

1. f4 Nf6 2. Nf3 c5 3. b3 Nc6 4. e3 d5 5. Bb2 e6 6. Be2 Bd6 7. 0-0 Qc7 8. Na3 a6 9. Kh1 e5 10. fxe5 Nxe5 11. Qe1 Bg4 12. Bxe5 Bxe5 13. Nxe5 Bxe2 14. Qxe2 Qxe5 15. c3 h5 16. Qf3 0-0-0 17. Qf5+ Qxf5 18. Rxf5 b6 19. Rb1 Rd7 20. b4 c4 21. Nc2 Ne4 22. Rd1 g6 23. Rf3 b5 24. Nd4 Kb7 25. Kg1 Ra8 26. Kf1 Kb6 27. Ke2 a5 28. Nc2 f5 29. Rf4 axb4 30. Nxb4 Kc5 31. Rb1 Ra3 32. Rb2 Rda7 33. Rf1 R7a4 34. Ra1 Rxc3 35. Nxd5 Rca3 36. Nf4 c3 37. Nd3+ Kb6 38. dxc3 Nxc3+ 39. Kd2 Nd5 40. g3 Re4 41. Rab1 Nc3 42. Ra1 Rc4 43. Nb4 h4 44. Nc2 Ne4+ 45. Ke2 Nc3+ 46. Kd3 Na4+ 47. Nxa3 Nxb2+ 48. Ke2 Rc3 49. Rb1 Rxa3 50. Rxb2 hxg3 1/2-1/2

[Event "Toronto-ch"]
[Site "Toronto"]
[Date "2001.01.22"]
[Round "5"]
[White "Campbell, Brett"]
[Black "Dutton, Warren Richard"]
[Result "1-0"]
[WhiteElo "2240"]
[BlackElo "2027"]
[PlyCount "97"]
[EventDate "2001.??.??"]
[EventType "tourn"]
[EventRounds "11"]
[EventCountry "CAN"]
[SourceTitle "EXT 2003"]
[Source "ChessBase"]
[SourceDate "2002.11.25"]
[SourceVersion "1"]
[SourceVersionDate "2002.11.25"]
[SourceQuality "1"]

1. Nc3 b6 2. e4 Bb7 3. Nf3 c5 4. g3 g6 5. Bg2 Bg7 6. d4 cxd4 7. Nxd4 h5 8. h3 Nf6 9. 0-0 e5 10. Ndb5 0-0 11. Bg5 Kh7 12. Qd2 Nc6 13. f4 Qe7 14. Rf2 Qc5 15. Kh2 Ne8 16. f5 a6 17. Be3 Nd4 18. fxg6+ Kxg6 19. Na3 b5 20. Ne2 b4 21. Bxd4 exd4 22. Rf5 Qe7 23. Nf4+ Kh7 24. Nc4 h4 25. Rh5+ Kg8 26. Rxh4 Rc8 27. Qd3 d5 28. exd5 f5 29. d6 Qf7 30. d7 Qxd7 31. Nb6 Qc7 32. Qb3+ Rf7 33. Nxc8 Bxg2 34. Nxg2 Qxc8 35. Re1 Nd6 36. Rf4 a5 37. Qd5 Qf8 38. Nh4 Kh7 39. Re6 Ne8 40. Rxf5 Nf6 41. Qf3 a4 42. Qd3 Kg8 43. Ng6 Qd8 44. Ne5 Rf8 45. Qc4 Kh7 46. Nc6 Qc8 47. Kg2 Rf7 48. Rb5 Nd7 49. Rh5+ 1-0

[Event "Toronto-ch"]
[Site "Toronto"]
[Date "2001.01.10"]
[Round "1"]
[White "Campbell, Brett"]
[Black "Berengolts, Isai"]
[Result "1-0"]
[WhiteElo "2240"]
[BlackElo "2231"]
[PlyCount "115"]
[EventDate "2001.??.??"]
[EventType "tourn"]
[EventRounds "11"]
[EventCountry "CAN"]
[SourceTitle "EXT 2003"]
[Source "ChessBase"]
[SourceDate "2002.11.25"]
[SourceVersion "1"]
[SourceVersionDate "2002.11.25"]
[SourceQuality "1"]

1. c4 e6 2. Nf3 f5 3. Nc3 Nf6 4. g3 b6 5. Bg2 Bb7 6. d4 Bb4 7. Bd2 0-0 8. 0-0 Qe7 9. Rc1 d6 10. d5 e5 11. Ng5 Bc8 12. Nb5 Bxd2 13. Qxd2 a6 14. Nc3 e4 15. f3 h6 16. Ne6 Bxe6 17. dxe6 Qxe6 18. fxe4 Nxe4 19. Nxe4 fxe4 20. Rxf8+ Kxf8 21. Qf4+ Ke7 22. Bxe4 g5 23. Qf3 c6 24. Rc3 Nd7 25. Bxc6 Ne5 26. Qd5 Rf8 27. Qxe6+ Kxe6 28. Bd5+ Kd7 29. b4 Rc8 30. Bb7 Rxc4 31. Rxc4 Nxc4 32. Bxa6 Ne3 33. Kf2 Ng4+ 34. Kg2 Ne5 35. Bb5+ Ke6 36. a4 Kd5 37. h4 Kd4 38. hxg5 hxg5 39. a5 bxa5 40. bxa5 Kc5 41. a6 Kb6 42. e4 Nf7 43. Kf2 Nd8 44. Kf3 Ne6 45. Bc4 Nc5 46. Ke3 Nd7 47. Kd4 Kc6 48. Bd5+ Kb6 49. Bb7 Nf6 50. e5 dxe5+ 51. Kxe5 Nh5 52. g4 Nf4 53. Kf5 Nh3 54. Bg2 Ng1 55. Kxg5 Kxa6 56. Bf1+ Kb6 57. Kf4 Kc5 58. Kg3 1-0

[Event "CAN-ch"]
[Site "Brantford"]
[Date "1999.09.07"]
[Round "7"]
[White "Campbell, Brett"]
[Black "Crisan, Ioan"]
[Result "1/2-1/2"]
[WhiteElo "2197"]
[BlackElo "2247"]
[PlyCount "147"]
[EventDate "1999.08.31"]
[EventType "swiss"]
[EventRounds "9"]
[EventCountry "CAN"]
[SourceTitle "EXT 2000"]
[Source "ChessBase"]
[SourceDate "1999.11.16"]
[SourceVersion "1"]
[SourceVersionDate "1999.11.16"]
[SourceQuality "1"]

1. c4 c5 2. Nc3 g6 3. g3 Bg7 4. Bg2 Nc6 5. e4 e6 6. Nge2 Nge7 7. a3 0-0 8. Rb1 Nd4 9. b4 d5 10. cxd5 exd5 11. bxc5 dxe4 12. Nxd4 Qxd4 13. Nxe4 Bh3 14. Bf3 Rfe8 15. Rb4 Qa1 16. Nd6 Nc6+ 17. Re4 Rxe4+ 18. Bxe4 Qe5 19. Qb3 Qxc5 20. Qxf7+ Kh8 21. Qd5 Qxc1+ 22. Ke2 Bg4+ 23. f3 Nd4+ 24. Qxd4 Qxh1 25. Nf7+ Kg8 26. Qd5 Qg2+ 27. Ke3 Qg1+ 28. Ke2 Bxf3+ 29. Bxf3 Re8+ 30. Ne5+ Kh8 31. d4 Bxe5 32. dxe5 Qxh2+ 33. Kd3 Qxg3 34. e6 Qc7 35. Qd4+ Qg7 36. Qd6 h5 37. Bd5 Qf6 38. Qd7 Rd8 39. e7 Rxd7 40. e8Q+ Kg7 41. Qxd7+ Kh6 42. Qxb7 Qf1+ 43. Kc3 Qa1+ 44. Qb2 Qxb2+ 45. Kxb2 g5 46. Kc3 g4 47. Kd4 Kg5 48. Ke3 Kf5 49. Bc6 Ke5 50. Be8 h4 51. Bd7 g3 52. Bh3 Kd5 53. Bf1 Kc5 54. Kd3 Kd5 55. Bg2+ Ke5 56. Ke3 Kd6 57. Kd4 Ke6 58. Bh3+ Kd6 59. Bf1 Ke6 60. Ke4 Kd6 61. Kd4 Ke6 62. Bh3+ Kd6 63. a4 Kc6 64. Kc4 Kd6 65. Kd4 Kc6 66. Bf1 Kd6 67. a5 Ke6 68. Bh3+ Kd6 69. Kc4 Ke5 70. Kb5 Kf4 71. Ka6 Kf3 72. Kxa7 g2 73. Bxg2+ Kxg2 74. Kb6 1/2-1/2

[Event "CAN-ch"]
[Site "Brantford"]
[Date "1999.09.01"]
[Round "2"]
[White "Khassanov, Marat"]
[Black "Campbell, Brett"]
[Result "1-0"]
[WhiteElo "2367"]
[BlackElo "2197"]
[PlyCount "83"]
[EventDate "1999.08.31"]
[EventType "swiss"]
[EventRounds "9"]
[EventCountry "CAN"]
[SourceTitle "EXT 2000"]
[Source "ChessBase"]
[SourceDate "1999.11.16"]
[SourceVersion "1"]
[SourceVersionDate "1999.11.16"]
[SourceQuality "1"]

1. e4 g6 2. d4 Bg7 3. Nf3 d6 4. Be2 Nf6 5. Nc3 0-0 6. 0-0 c6 7. a4 e5 8. dxe5 dxe5 9. Qxd8 Rxd8 10. Bg5 Re8 11. Rfd1 Nbd7 12. Rd6 Bf8 13. Rdd1 a5 14. Nd2 Bb4 15. f3 Kg7 16. Be3 Bc5 17. Kf2 Bxe3+ 18. Kxe3 Nb6 19. Nb3 Be6 20. Nc5 Re7 21. b3 Nc8 22. Bf1 b6 23. Nxe6+ Rxe6 24. Rd8 Re8 25. Rad1 Kf8 26. R8d2 Ra7 27. g3 Ke7 28. Bh3 g5 29. Nb1 h5 30. Bf5 Kf8 31. Bxc8 Rxc8 32. Na3 Ke7 33. Nc4 Nd7 34. Rxd7+ Rxd7 35. Rxd7+ Kxd7 36. Nxb6+ Kc7 37. Nxc8 Kxc8 38. h3 Kd7 39. Kd3 g4 40. fxg4 hxg4 41. hxg4 Ke6 42. g5 1-0

[Event "North Bay op"]
[Site "North Bay"]
[Date "1998.08.09"]
[Round "9"]
[White "Campbell, Brett"]
[Black "Charest, Johanne"]
[Result "1/2-1/2"]
[WhiteElo "2200"]
[BlackElo "2110"]
[PlyCount "30"]
[EventDate "1998.08.??"]
[EventType "swiss"]
[EventRounds "9"]
[EventCountry "CAN"]
[SourceTitle "EXT 1999"]
[Source "ChessBase"]
[SourceDate "1998.11.16"]
[SourceVersion "1"]
[SourceVersionDate "1998.11.16"]
[SourceQuality "1"]

1. c4 e6 2. Nf3 d5 3. d4 c5 4. cxd5 exd5 5. Nc3 cxd4 6. Nxd4 Nc6 7. g3 Nf6 8. Bg2 Be7 9. 0-0 0-0 10. e3 Re8 11. Qb3 Bc5 12. Rd1 Nxd4 13. exd4 Bxd4 14. Bxd5 Nxd5 15. Qxd5 Qxd5 1/2-1/2

[Event "North Bay op"]
[Site "North Bay"]
[Date "1998.08.05"]
[Round "1"]
[White "Campbell, Brett"]
[Black "Serper, Grigory"]
[Result "0-1"]
[WhiteElo "2200"]
[BlackElo "2535"]
[PlyCount "90"]
[EventDate "1998.08.??"]
[EventType "swiss"]
[EventRounds "9"]
[EventCountry "CAN"]
[SourceTitle "EXT 1999"]
[Source "ChessBase"]
[SourceDate "1998.11.16"]
[SourceVersion "1"]
[SourceVersionDate "1998.11.16"]
[SourceQuality "1"]

1. Nf3 d5 2. g3 c5 3. Bg2 Nc6 4. 0-0 e5 5. d3 Nge7 6. e4 d4 7. Nbd2 Ng6 8. a4 h5 9. h3 h4 10. g4 Nf4 11. Nc4 Nxg2 12. Kxg2 f6 13. Ng1 Be6 14. b3 g5 15. Bd2 Be7 16. Qe2 Kf7 17. Ra2 Qc7 18. Rfa1 b6 19. Nf3 Kg7 20. Ne1 Rab8 21. f3 a6 22. Kh1 b5 23. axb5 axb5 24. Nb2 Rhc8 25. Kg2 Rb7 26. Ra6 Qd7 27. Kg1 Nd8 28. Qd1 Nf7 29. Kh2 Nd6 30. Qe2 c4 31. bxc4 bxc4 32. Nd1 Rcc7 33. R6a4 c3 34. Bc1 Ra7 35. Rxa7 Rxa7 36. Rxa7 Qxa7 37. Nf2 Qa1 38. Qd1 Nb5 39. Kg2 Ba3 40. Bxa3 Qxd1 41. Nxd1 Nxa3 42. Kf2 Ba2 43. Ke2 Bb1 44. Nf2 Nxc2 45. Nxc2 Bxc2 0-1

[Event "Toronto op"]
[Site "Toronto"]
[Date "1997.??.??"]
[Round "2"]
[White "Campbell, Brett"]
[Black "Perovic, Bozidar"]
[Result "1-0"]
[WhiteElo "2235"]
[BlackElo "1935"]
[PlyCount "71"]
[EventDate "1997.??.??"]
[EventType "swiss"]
[EventRounds "7"]
[EventCountry "CAN"]
[SourceTitle "EXT 2001"]
[Source "ChessBase"]
[SourceDate "2000.11.22"]
[SourceVersion "1"]
[SourceVersionDate "2000.11.22"]
[SourceQuality "1"]

1. Nf3 d5 2. g3 Nf6 3. Bg2 c6 4. 0-0 h6 5. d3 Bf5 6. Nbd2 e6 7. Qe1 Bc5 8. e4 dxe4 9. Nxe4 Nxe4 10. dxe4 Bh7 11. Qc3 Be7 12. Qxg7 Bf6 13. Qg4 e5 14. Ne1 h5 15. Qe2 h4 16. Nd3 Nd7 17. Be3 Rg8 18. Nc5 Qe7 19. Nxd7 Kxd7 20. Rad1+ Kc7 21. Bh3 Rgd8 22. Qf3 b6 23. Bf5 Bxf5 24. Qxf5 Rxd1 25. Rxd1 Rg8 26. Kg2 Rh8 27. h3 Rg8 28. g4 Rg6 29. f4 Rg8 30. c3 Rd8 31. Rxd8 Kxd8 32. fxe5 Qxe5 33. Qxe5 Bxe5 34. Bg5+ f6 35. Bxh4 Ke7 36. Bg3 1-0

[Event "Toronto op"]
[Site "Toronto"]
[Date "1997.??.??"]
[Round "3"]
[White "Teodoro, Eduardo"]
[Black "Campbell, Brett"]
[Result "1-0"]
[WhiteElo "2440"]
[BlackElo "2325"]
[PlyCount "89"]
[EventDate "1997.??.??"]
[EventType "swiss"]
[EventRounds "7"]
[EventCountry "CAN"]
[SourceTitle "EXT 2001"]
[Source "ChessBase"]
[SourceDate "2000.11.22"]
[SourceVersion "1"]
[SourceVersionDate "2000.11.22"]
[SourceQuality "1"]

1. e4 g6 2. d4 Bg7 3. f4 d5 4. e5 h5 5. c4 c6 6. Nc3 Nh6 7. Nf3 dxc4 8. Bxc4 Bg4 9. Be3 e6 10. h3 Nf5 11. Bf2 Bxf3 12. Qxf3 h4 13. Rd1 Nd7 14. Qg4 Nb6 15. Bd3 Nd5 16. Bxf5 exf5 17. Qf3 Qa5 18. 0-0 0-0-0 19. Rfe1 Nc7 20. Re2 Bf8 21. a3 Be7 22. Rc2 Kb8 23. Rb1 Nd5 24. b4 Qxa3 25. b5 Bb4 26. Nxd5 cxd5 27. Qxa3 Bxa3 28. Ra2 Be7 29. Rba1 Kc7 30. Rxa7 Rb8 31. R1a6 Rhd8 32. Be1 Kc8 33. Ba5 Rd7 34. e6 Rd6 35. exf7 Kd7 36. Rxd6+ Bxd6 37. Bb6 Ke7 38. Bc5 Kd7 39. Bxd6 Kxd6 40. Rxb7 Rf8 41. Rb6+ Ke7 42. Rxg6 Kxf7 43. Rd6 Rb8 44. Rxd5 Ke6 45. Re5+ 1-0